[Event "Vaxjo op"]
[Site "Vaxjo"]
[Date "2020.02.08"]
[Round "5"]
[White "Frisk, Ellinor"]
[Black "Garner, Marten"]
[Result "1-0"]
[WhiteElo "2147"]
[BlackElo "1881"]
[PlyCount "61"]
[EventDate "2020.02.07"]
[EventType "swiss"]
[EventRounds "8"]
[EventCountry "SWE"]
[SourceTitle "CBM 194 Extra"]
[Source "ChessBase"]
[SourceDate "2020.03.31"]
[SourceVersion "1"]
[SourceVersionDate "2020.03.31"]
[SourceQuality "1"]

1. Nf3 d5 2. c4 e6 3. g3 c6 4. Qc2 Nf6 5. b3 Nbd7 6. Bg2 Be7 7. 0-0 0-0 8. d4 b6 9. Rd1 Bb7 10. Nc3 Rc8 11. e4 c5 12. exd5 exd5 13. Qf5 dxc4 14. d5 g6 15. Qh3 cxb3 16. d6 Bxd6 17. Rxd6 Qe7 18. Rd1 bxa2 19. Rxa2 a6 20. Re2 Qd8 21. Bg5 Qc7 22. Bf4 Qd8 23. Red2 Bc6 24. Ne5 Bxg2 25. Kxg2 Rc7 26. Nxd7 Qa8+ 27. Kg1 Rxd7 28. Rxd7 Nxd7 29. Qxd7 b5 30. Bh6 Re8 31. Nd5 1-0

[Event "Vaxjo op"]
[Site "Vaxjo"]
[Date "2015.02.13"]
[Round "1"]
[White "Livner, Anders"]
[Black "Garner, Marten"]
[Result "1-0"]
[WhiteElo "2343"]
[BlackElo "1893"]
[PlyCount "113"]
[EventDate "2015.02.13"]
[EventType "swiss"]
[EventRounds "8"]
[EventCountry "SWE"]
[SourceTitle "CBM 164 Extra"]
[Source "ChessBase"]
[SourceDate "2015.03.02"]
[SourceVersion "1"]
[SourceVersionDate "2015.03.02"]
[SourceQuality "1"]

1. d4 d5 2. c4 e6 3. Nc3 Nf6 4. cxd5 exd5 5. Bg5 c6 6. e3 Be7 7. Qc2 0-0 8. Bd3 Nbd7 9. Nf3 Re8 10. h3 Nf8 11. 0-0 g6 12. Rab1 Ne6 13. Bh6 a5 14. a3 Ng7 15. Bxg7 Kxg7 16. b4 axb4 17. axb4 Bd7 18. b5 Bd6 19. bxc6 bxc6 20. Rfc1 Rb8 21. Nd2 Rb6 22. Na4 Rxb1 23. Rxb1 Qa5 24. Nc5 Bxc5 25. Nb3 Qa4 26. Nxc5 Qxc2 27. Bxc2 Ra8 28. g4 h6 29. Rb6 Be8 30. Ba4 Nd7 31. Nxd7 Bxd7 32. Bxc6 Bxc6 33. Rxc6 Ra5 34. Kg2 Kf8 35. Rc7 Kg7 36. Kf3 Kf6 37. h4 Ke6 38. Kf4 Ra2 39. Kg3 f6 40. Rg7 g5 41. h5 Ra1 42. Kg2 f5 43. Rg6+ Kf7 44. gxf5 Ra8 45. Rxh6 Rg8 46. Rg6 Rh8 47. h6 g4 48. Kg3 Ra8 49. Kxg4 Ra1 50. Kf4 Rh1 51. Ke5 Rh2 52. Rg7+ Kf8 53. f6 Rxh6 54. Ke6 Rh2 55. Rb7 Kg8 56. Rb8+ Kh7 57. f7 1-0

[Event "Hallstahammar op"]
[Site "Hallstahammar"]
[Date "2004.09.12"]
[Round "7"]
[White "Garner, Marten"]
[Black "Heinoja, Ari"]
[Result "1-0"]
[WhiteElo "1641"]
[BlackElo "1528"]
[PlyCount "117"]
[EventDate "2004.09.10"]
[EventType "swiss"]
[EventRounds "8"]
[EventCountry "SWE"]
[SourceTitle "EXT 2005"]
[Source "ChessBase"]
[SourceDate "2004.11.15"]
[SourceVersion "1"]
[SourceVersionDate "2004.11.15"]
[SourceQuality "1"]

1. d4 Nf6 2. c4 d6 3. Nc3 g6 4. e4 Bg7 5. f3 0-0 6. Be3 Nbd7 7. Nge2 e5 8. d5 a6 9. Nc1 Nb8 10. Qd2 Ne8 11. Bd3 c5 12. N1e2 f5 13. a3 f4 14. Bf2 Nf6 15. h4 h5 16. Ng1 Rf7 17. Qc2 Nbd7 18. Nh3 Nh7 19. Qd2 Bf6 20. Ng1 Be7 21. Bc2 Nb6 22. Bd3 Bd7 23. Be2 Rb8 24. Qc2 Nc8 25. Qd2 b5 26. cxb5 axb5 27. Na2 Nb6 28. Bd3 c4 29. Bc2 Be8 30. Nb4 Qc8 31. Ne2 Nf8 32. Nc3 Bd8 33. Bd1 Rbb7 34. Qe2 Rh7 35. Rh2 Rbg7 36. Qf1 g5 37. hxg5 Rxg5 38. Bh4 Rgg7 39. Bf2 Ng6 40. Qh1 h4 41. Bc2 Na8 42. Bd1 Nc7 43. Rc1 Rh8 44. Be2 Rgh7 45. Kd2 Bd7 46. Rg1 Kf7 47. Bf1 Ne8 48. g3 hxg3 49. Rxh7+ Rxh7 50. Qxh7+ Ng7 51. Bxg3 Nf8 52. Qh6 fxg3 53. Rxg3 Bf6 54. Nc6 Bxc6 55. dxc6 d5 56. Nxd5 Ne8 57. Bh3 Qxc6 58. Qh5+ Ng6 59. Qxg6+ 1-0

[Event "Hallstahammar op"]
[Site "Hallstahammar"]
[Date "2004.09.11"]
[Round "6"]
[White "Akerman, Per"]
[Black "Garner, Marten"]
[Result "1-0"]
[WhiteElo "1896"]
[BlackElo "1641"]
[PlyCount "41"]
[EventDate "2004.09.10"]
[EventType "swiss"]
[EventRounds "8"]
[EventCountry "SWE"]
[SourceTitle "EXT 2005"]
[Source "ChessBase"]
[SourceDate "2004.11.15"]
[SourceVersion "1"]
[SourceVersionDate "2004.11.15"]
[SourceQuality "1"]

1. c4 e6 2. Nc3 d5 3. cxd5 exd5 4. d4 Be7 5. Nf3 c6 6. g3 Nf6 7. Bg2 Bf5 8. 0-0 Nbd7 9. Re1 0-0 10. Ne5 Nxe5 11. dxe5 Nd7 12. f4 Bc5+ 13. Kh1 f6 14. e4 dxe4 15. Nxe4 Bb4 16. Qb3+ Kh8 17. Qxb4 fxe5 18. Be3 exf4 19. Bxf4 Nb6 20. Nc3 Qf6 21. Qe7 1-0

[Event "Hallstahammar op"]
[Site "Hallstahammar"]
[Date "2004.09.11"]
[Round "5"]
[White "Garner, Marten"]
[Black "Olsson, Jorgen"]
[Result "1-0"]
[WhiteElo "1641"]
[BlackElo "1419"]
[PlyCount "59"]
[EventDate "2004.09.10"]
[EventType "swiss"]
[EventRounds "8"]
[EventCountry "SWE"]
[SourceTitle "EXT 2005"]
[Source "ChessBase"]
[SourceDate "2004.11.15"]
[SourceVersion "1"]
[SourceVersionDate "2004.11.15"]
[SourceQuality "1"]

1. d4 e6 2. c4 b6 3. Nc3 Bb7 4. e4 Bb4 5. Bd3 f5 6. f3 Qh4+ 7. g3 Qh5 8. Bd2 Nc6 9. Nb5 Bxd2+ 10. Qxd2 Rc8 11. Qe3 a6 12. Nc3 Nge7 13. Nge2 0-0 14. 0-0-0 Nb4 15. h3 fxe4 16. Bxe4 Bxe4 17. g4 Qa5 18. Qxe4 Nxa2+ 19. Nxa2 Qxa2 20. d5 b5 21. dxe6 bxc4 22. Nc3 Qb3 23. exd7 Rb8 24. Rh2 Ng6 25. Qe6+ Kh8 26. Qe4 Nf4 27. d8Q Nd3+ 28. Rxd3 cxd3 29. Qdxd3 Rfe8 30. Qxh7# 1-0

[Event "Hallstahammar op"]
[Site "Hallstahammar"]
[Date "2001.09.08"]
[Round "5"]
[White "Garner, Marten"]
[Black "Waara, Jorgen"]
[Result "0-1"]
[WhiteElo "1393"]
[BlackElo "1744"]
[PlyCount "98"]
[EventDate "2001.??.??"]
[EventType "swiss"]
[EventRounds "7"]
[EventCountry "SWE"]
[SourceTitle "EXT 2006"]
[Source "ChessBase"]
[SourceDate "2005.11.24"]
[SourceVersion "1"]
[SourceVersionDate "2005.11.24"]
[SourceQuality "1"]

1. d4 f5 2. Bg5 g6 3. Nf3 Bg7 4. c4 Nf6 5. e3 0-0 6. Nc3 d6 7. Bxf6 Bxf6 8. g3 c6 9. Bg2 Qe8 10. 0-0 e5 11. dxe5 dxe5 12. e4 f4 13. Ne2 g5 14. Qc2 g4 15. Ne1 f3 16. Nxf3 gxf3 17. Bxf3 Bh3 18. Rfd1 Qf7 19. g4 Bg5 20. Rd3 Qe6 21. Bh1 Bxg4 22. Rg3 Bh4 23. Rg2 Kh8 24. h3 Bxh3 25. Rh2 Qg4+ 26. Ng3 Bxg3 27. fxg3 Qxg3+ 28. Bg2 Bxg2 29. Rxg2 Qe3+ 30. Kh1 Na6 31. Rag1 Qh3+ 32. Rh2 Qf3+ 33. Rhg2 Rg8 34. Qe2 Qxe2 35. Rxe2 Rxg1+ 36. Kxg1 Rd8 37. Rf2 Kg7 38. Rg2+ Kf6 39. Rh2 Rd7 40. Kf1 Nc5 41. Re2 Kg5 42. Ke1 Kf4 43. b3 Nxe4 44. Rh2 Ng5 45. Rh6 e4 46. Rf6+ Ke3 47. Rf8 Rd2 48. Rb8 Rxa2 49. Kf1 b6 0-1